000
00351nam a2200145 4500
008
190208s2014||||xo d
245
1
0
_a
Ako používat rodovo vyvážený jazyk
250
_a
1. vydanie
260
_b
Centrum vzdelávania
_a
Bratislava
_c
2014
300
_a
39 s.
020
_c
0
041
1
_a
slo
044
_a
xo
_c
SK
958
_a
APR
999
_c
22115
_d
22115